000 00321nam a2200133Ia 4500
008 240624s9999 xx 000 0 und d
041 _aeng
082 _a823 HOC
100 _aHOCKING AMANDA
245 _aCRYSTAL KINGDOM
260 _c2015
_aNew Delhi
_bPan Macmillan
300 _a409 : p. : cm. ; 19
365 _cRS
_b32
999 _c26796
_d26796